|
|
|
|
| LEADER |
00000cam a2200000 7i4500 |
| 001 |
0000016519 |
| 005 |
20241028.0 |
| 008 |
060508 nyua eng |
| 020 |
|
|
|a 0814408249
|
| 040 |
|
|
|a INS
|b eng
|e rda
|
| 090 |
0 |
0 |
|a HD69.P75
|b .C34 2005
|
| 100 |
1 |
|
|a Cagle, Ronald B. ,
|e author
|
| 245 |
1 |
0 |
|a Your Successful Project Management Career
|c Ronald B. Cogle
|
| 264 |
|
1 |
|a New York :
|b American Management Association
|c 2005
|
| 300 |
|
|
|a xvi, 208 pages :
|b illustrations ;
|c 23 cm.
|
| 336 |
|
|
|a text
|2 rdacontent
|
| 337 |
|
|
|a unmediated
|2 rdamedia
|
| 338 |
|
|
|a volume
|2 rdacarrier
|
| 500 |
|
|
|a Includes index
|
| 650 |
|
0 |
|a Project management
|
| 650 |
|
0 |
|a Project managemnent
|x Vocational Guidance
|
| 999 |
|
|
|a 0000016148
|b BOOK
|c Open Shelf
|e Default branch
|